| 000 | 00635nam a2200217Ia 4500 | ||
|---|---|---|---|
| 008 | 160319s9999 xx 000 0 und d | ||
| 245 | _aBrainy baby : English learning first words / | ||
| 245 | _cproduced by the Brainy Baby Company ; program producer, Holly Jamison. | ||
| 260 | _aAtlanta, GA : | ||
| 260 | _bThe Brainy Baby Company. | ||
| 260 | _c2003 | ||
| 300 | _a1 videocassette (45 min.) : | ||
| 300 | _bsound, color ; | ||
| 300 | _c1/2 in. | ||
| 650 | _aEnglish language -- | ||
| 650 | _aInfants -- | ||
| 650 | _aToddlers -- | ||
| 650 | _xDevelopment. | ||
| 650 | _xDevelopment. | ||
| 650 | _xJuvenile films. | ||
| 999 |
_c292567 _d292567 |
||